| Tag |
First Indicator |
Second Indicator |
Subfields |
| LEADER |
00000cam a2200000Ia 4500 |
| 001 |
in00002000562 |
| 005 |
20220105141710.0 |
| 006 |
m d |
| 007 |
cr cnu---unuuu |
| 008 |
040319s2003 nju sb 001 0 eng d |
| 020 |
|
|
|a 047147553X (electronic bk.)
|
| 035 |
|
|
|a (OCoLC)ocm54772938
|
| 040 |
|
|
|a N$T
|c N$T
|d OCLCQ
|d UtOrBLW
|
| 049 |
|
|
|a IKMN
|
| 050 |
1 |
4 |
|a BL627
|b .B53 2003eb
|
| 082 |
0 |
4 |
|a 291.4/35
|2 22
|
| 100 |
1 |
|
|a Bien, Thomas.
|0 http://id.loc.gov/authorities/names/n2001092665
|
| 245 |
1 |
0 |
|a Finding the center within :
|b the healing way of mindfulness meditation /
|c Thomas Bien, Beverly Bien.
|
| 264 |
|
1 |
|a Hoboken, N.J. :
|b John Wiley & Sons,
|c [2003]
|
| 264 |
|
4 |
|c ©2003
|
| 300 |
|
|
|a xix, 268 pages ;
|c 23 cm.
|
| 336 |
|
|
|a text
|b txt
|2 rdacontent
|
| 337 |
|
|
|a computer
|b c
|2 rdamedia
|
| 338 |
|
|
|a online resource
|b cr
|2 rdacarrier
|
| 504 |
|
|
|a Includes bibliographical references (pages 253-256) and index.
|
| 505 |
0 |
|
|a The key-- Week one: Know where you are -- Week two: Find a path to the center -- Part II: The door -- Weeks three and four: A gentle approach to meditation -- Week five: Bring meditation into your life -- Week six: Look deeply at your life -- Part III: The path -- Week seven: Work with dreams -- Week eight: Transform negative emotions -- Week nine: Cultivate healthy relationships -- Week ten: Meditate on paper -- Part IV: Arriving home -- Week eleven and beyond: What kind of a Buddha are you? -- The ten-week program: a recap.
|
| 533 |
|
|
|a Electronic reproduction.
|b Boulder, Colo. :
|c NetLibrary,
|d 2004.
|n Available via World Wide Web.
|n Access may be limited to NetLibrary affiliated libraries.
|
| 500 |
|
|
|a Electronic resource.
|
| 650 |
|
0 |
|a Meditation.
|0 http://id.loc.gov/authorities/subjects/sh85083210
|
| 655 |
|
7 |
|a Electronic books.
|2 local
|
| 700 |
1 |
|
|a Bien, Beverly.
|0 http://id.loc.gov/authorities/names/n2001092670
|
| 710 |
2 |
|
|a NetLibrary, Inc.
|0 http://id.loc.gov/authorities/names/no99080690
|
| 776 |
1 |
|
|c Original
|z 047126394X
|w (DLC) 2003003950
|w (OCoLC)53814651
|
| 856 |
4 |
1 |
|u https://proxy.library.tamu.edu/login?url=http://www.netLibrary.com/urlapi.asp?action=summary&v=1&bookid=106806
|z Connect to the full text of this electronic book
|t 0
|
| 994 |
|
|
|a 92
|b IKM
|
| 999 |
|
|
|a MARS
|
| 999 |
f |
f |
|s 3a3203ea-6a43-35cd-b6f7-55a399a1fe93
|i 7098d7f3-aea8-321e-a96e-0f91b353738e
|t 0
|
| 952 |
f |
f |
|a Texas A&M University
|b College Station
|c Electronic Resources
|d Available Online
|t 0
|e BL627 .B53 2003eb
|h Library of Congress classification
|
| 998 |
f |
f |
|a BL627 .B53 2003eb
|t 0
|l Available Online
|